01249 2200445 4500001002100000005001500021035002000036007000300056040001700059245006800076250001600144300003500160041000800195082001600203084001600219090001600235264002800251336002100279337003000300338002300330650002000353850001000373008004100383100003300424020002200457500002900479700003200508504002500540990002300565990001800588990001800606990002400624990002400648990002400672990002400696990002300720990002300743990001800766990001900784INLIS00000000000495720260516084513 a0010-0222000047ta aSBPUPADbind1 aSejarah Peradaban Islam /cSamsul Munir Amin.; Editor, Lihhiati aEd.1, Cet.2 axxii 472 hlm :bilus. ;c23 cm0 aind a2X9.4 SAM s a2X9.4 SAM s aR TAS b 3 3 aJakarta :bAmzah,c2010 2rdacontentaTeks 2rdamediaaTanpa Perantara 2rdacarrieraVolume 4aPeradaban Islam aPUPAD260516 0 0 aSamsul Munir AminePengarang a978-602-8689-00-7 aBiodata Penulis, hlm 469 aEditor, LihhiatiePengarang abibliografi, hlm 461 a18243/Br/KAPD/2012 a14260/BR/2014 a14261/BR/2014 a17.350/Br/KAPD/2012 a18.241/Br/KAPD/2012 a18.242/Br/KAPD/2012 a18.245/Br/KAPD/2012 a17349/Br/KAPD/2012 a17351/Br/KAPD/2012 a18234/BR/2013 a18.246/Br/2013